[Event "Regionalliga Sued 1718 (Women)"]
[Site "Germany"]
[Date "2017.10.15"]
[Round "1.1"]
[White "Fishkin, Natalie"]
[Black "Horther Schneider, Elsbeth"]
[Result "1-0"]
[WhiteElo "1934"]
[BlackElo "1839"]
[PlyCount "69"]
[EventDate "2017.10.15"]
[EventType "team-tourn"]
[EventRounds "5"]
[EventCountry "GER"]
[SourceTitle "CBM 183 Extra"]
[Source "ChessBase"]
[SourceDate "2018.04.19"]
[SourceVersion "1"]
[SourceVersionDate "2018.04.19"]
[SourceQuality "1"]
[WhiteTeam "Neuperlach (W)"]
[BlackTeam "Regensburg Bavaria (W)"]
[WhiteTeamCountry "GER"]
[BlackTeamCountry "GER"]

1. e4 e6 2. d4 d5 3. e5 c5 4. c3 Bd7 5. Bd3 Qb6 6. Ne2 cxd4 7. cxd4 Nc6 8. Bc2 Nb4 9. 0-0 Nxc2 10. Qxc2 Rc8 11. Nbc3 Ne7 12. Be3 Nf5 13. g4 Nxe3 14. fxe3 Be7 15. Rf3 0-0 16. Raf1 f6 17. Rh3 h6 18. Rxh6 f5 19. Rh3 Bg5 20. Nf4 Bxf4 21. Rxf4 Qd8 22. Qg2 Bc6 23. Rg3 Rc7 24. h4 Qd7 25. gxf5 Rxf5 26. Rxf5 exf5 27. Rg6 Qf7 28. Qg5 Be8 29. Rf6 Qd7 30. Rxf5 g6 31. Rf6 Qh3 32. Qf4 Rf7 33. Nxd5 Rg7 34. Rf8+ Kh7 35. Nf6# 1-0

[Event "GER-chT Federal Cup (Women)"]
[Site "Braunfels"]
[Date "2012.06.09"]
[Round "4.4"]
[White "Zeller, Elisa"]
[Black "Fishkin, Natalie"]
[Result "1-0"]
[WhiteElo "1828"]
[BlackElo "2051"]
[PlyCount "53"]
[EventDate "2012.06.07"]
[EventType "team-swiss"]
[EventRounds "5"]
[EventCountry "GER"]
[SourceTitle "CBM 149 Extra"]
[Source "ChessBase"]
[SourceDate "2012.08.24"]
[SourceVersion "1"]
[SourceVersionDate "2012.08.24"]
[SourceQuality "1"]
[WhiteTeam "Wuerttemberg (W)"]
[BlackTeam "Bayern Muenchen (W)"]
[WhiteTeamCountry "GER"]
[BlackTeamCountry "GER"]

1. e4 e5 2. Nf3 Nc6 3. Bb5 a6 4. Ba4 Nf6 5. 0-0 b5 6. Bb3 Bb7 7. d3 Bc5 8. Be3 d6 9. c3 Qe7 10. Bc2 0-0 11. Nbd2 Nd8 12. h3 d5 13. Bxc5 Qxc5 14. d4 exd4 15. cxd4 Qb6 16. exd5 Nxd5 17. Ne4 Ne6 18. Rc1 Ndf4 19. Qd2 Rfe8 20. Rfe1 Rad8 21. Rcd1 f5 22. Neg5 Nxg5 23. Nxg5 Rxe1+ 24. Rxe1 Qc6 25. Bb3+ Nd5 26. Re5 h6 27. Ne6 1-0

[Event "GER-chT Federal Cup (Women)"]
[Site "Braunfels"]
[Date "2012.06.07"]
[Round "1.4"]
[White "Fishkin, Natalie"]
[Black "Vogel, Heike"]
[Result "0-1"]
[WhiteElo "2051"]
[BlackElo "2132"]
[PlyCount "44"]
[EventDate "2012.06.07"]
[EventType "team-swiss"]
[EventRounds "5"]
[EventCountry "GER"]
[SourceTitle "CBM 149 Extra"]
[Source "ChessBase"]
[SourceDate "2012.08.24"]
[SourceVersion "1"]
[SourceVersionDate "2012.08.24"]
[SourceQuality "1"]
[WhiteTeam "Bayern Muenchen (W)"]
[BlackTeam "Nordrhein Westfalen (W)"]
[WhiteTeamCountry "GER"]
[BlackTeamCountry "GER"]

1. e4 c5 2. Nf3 Nc6 3. d4 cxd4 4. Nxd4 Nf6 5. Nc3 e5 6. Ndb5 d6 7. Be3 a6 8. Na3 b5 9. Nd5 Rb8 10. Bd3 Be6 11. c4 bxc4 12. Nxf6+ gxf6 13. Nxc4 d5 14. exd5 Bb4+ 15. Bd2 Qxd5 16. Bxb4 Nxb4 17. Be2 Qxg2 18. Bf3 Nc2+ 19. Qxc2 Qxf3 20. Nd6+ Ke7 21. Qc7+ Bd7 22. Rd1 Qxh1+ 0-1

[Event "BL2 Sued 1112 (Women)"]
[Site "Germany"]
[Date "2011.10.30"]
[Round "2.2"]
[White "Weber, Kristina"]
[Black "Fishkin, Natalie"]
[Result "0-1"]
[WhiteElo "1573"]
[BlackElo "2078"]
[PlyCount "74"]
[EventDate "2011.10.29"]
[EventType "team-tourn"]
[EventRounds "7"]
[EventCountry "GER"]
[SourceTitle "EXT 2013"]
[Source "ChessBase"]
[SourceDate "2012.11.22"]
[SourceVersion "1"]
[SourceVersionDate "2012.11.22"]
[SourceQuality "1"]
[WhiteTeam "Mutterstadt (W)"]
[BlackTeam "Neuperlach (W)"]
[WhiteTeamCountry "GER"]
[BlackTeamCountry "GER"]

1. d4 d5 2. c4 c6 3. Nc3 Nf6 4. e3 e6 5. Bd3 Bd6 6. Nf3 Nbd7 7. 0-0 0-0 8. e4 dxe4 9. Nxe4 Nxe4 10. Bxe4 Nf6 11. Bg5 h6 12. Bh4 g5 13. Nxg5 Nxe4 14. Nf3 Ng5 15. Kh1 Qf6 16. Ne5 Qg7 17. f4 f6 18. Nd3 Ne4 19. Qe2 f5 20. c5 Bc7 21. g4 Kh7 22. gxf5 exf5 23. Rg1 Qf7 24. Qf3 Be6 25. Ne1 Bd5 26. Ng2 Rg8 27. h3 Ng3+ 28. Qxg3 Rxg3 29. Bxg3 Rg8 30. Kh2 Qh5 31. Rae1 Be4 32. Re3 Rd8 33. Rb3 b6 34. Bf2 bxc5 35. Be3 Rg8 36. Bf2 Qe2 37. Bg3 Bxf4 0-1

[Event "GER-chT Federal Cup (Women)"]
[Site "Germany"]
[Date "2011.06.18"]
[Round "4.2"]
[White "Fishkin, Natalie"]
[Black "Noll, Sonja"]
[Result "1-0"]
[WhiteElo "2065"]
[BlackElo "1869"]
[PlyCount "51"]
[EventDate "2011.06.16"]
[EventType "team-swiss"]
[EventRounds "5"]
[EventCountry "GER"]
[SourceTitle "EXT 2012"]
[Source "ChessBase"]
[SourceDate "2011.11.24"]
[SourceVersion "1"]
[SourceVersionDate "2011.11.24"]
[SourceQuality "1"]
[WhiteTeam "Bayern"]
[BlackTeam "Saarland"]
[WhiteTeamCountry "GER"]
[BlackTeamCountry "GER"]

1. e4 Nf6 2. e5 Nd5 3. d4 Nb6 4. c4 d6 5. f4 dxe5 6. fxe5 Bf5 7. Nf3 e6 8. Bd3 Bb4+ 9. Nc3 Bg4 10. a3 Be7 11. 0-0 Bxf3 12. Qxf3 Qxd4+ 13. Be3 Qxe5 14. Qxf7+ Kd8 15. Qf2 N8d7 16. Rae1 Bd6 17. Qh4+ Be7 18. Qh3 Bc5 19. Kh1 Qd6 20. Bg5+ Kc8 21. Nb5 Qe5 22. Rxe5 Nxe5 23. Qxe6+ Nbd7 24. Re1 Bd6 25. c5 Rf8 26. cxd6 1-0

[Event "BL2 Ost 0708 (Women)"]
[Site "Germany"]
[Date "2008.03.16"]
[Round "7.1"]
[White "Fishkin, Natalie"]
[Black "Von Herman, Brigitte"]
[Result "1/2-1/2"]
[WhiteElo "2222"]
[BlackElo "2153"]
[PlyCount "109"]
[EventDate "2007.11.10"]
[EventType "team-tourn"]
[EventRounds "7"]
[EventCountry "GER"]
[SourceTitle "EXT 2009"]
[Source "ChessBase"]
[SourceDate "2008.11.26"]
[SourceVersion "1"]
[SourceVersionDate "2008.11.26"]
[SourceQuality "1"]
[WhiteTeam "Kiel Doppelbauer (W) II"]
[BlackTeam "Potsdam (W)"]
[WhiteTeamCountry "GER"]
[BlackTeamCountry "GER"]

1. e4 e5 2. Nf3 Nc6 3. Bc4 Bc5 4. c3 Qe7 5. b4 Bb6 6. a4 a5 7. b5 Nd8 8. Ba3 Bc5 9. 0-0 Bxa3 10. Nxa3 d6 11. d4 Nf6 12. Ba2 0-0 13. dxe5 dxe5 14. Re1 Bg4 15. Nc4 Re8 16. b6 cxb6 17. Nxb6 Ra6 18. Nd5 Nxd5 19. Bxd5 Rg6 20. Rb1 Bh3 21. g3 h5 22. Kh1 Bg4 23. Qd3 Rf6 24. Re3 h4 25. Nxh4 Rxf2 26. Rf1 Rxf1+ 27. Qxf1 Qg5 28. Rd3 g6 29. Bb3 Be6 30. Bxe6 Nxe6 31. Rd7 Re7 32. Nf3 Qf6 33. Rxe7 Qxe7 34. Qb5 Nc5 35. Qxa5 Qd6 36. Qb5 Kg7 37. Kg2 f6 38. Qb4 Qc6 39. Qb5 Nxe4 40. Qxc6 bxc6 41. c4 Kf7 42. a5 Nc5 43. Kf2 Ke6 44. Ke3 Kd6 45. Nh4 g5 46. Nf5+ Ke6 47. Ng7+ Kf7 48. Nf5 Ke6 49. g4 Kd7 50. h4 gxh4 51. Nxh4 Kc7 52. g5 fxg5 53. Nf3 Nb3 54. Nxe5 Nxa5 55. Ke4 1/2-1/2